Zloděj kufrů /

Románová novela je příběhem dvou dětí, které v Terezíně sdílejí osudy transportovaných Židů a v prostředí plném utrpení si dokážou s dětskou bezprostředností vytvořit na krátký čas vlastní snesitelnější svět.

Uloženo v:
Hlavní autor: Lustig, Arnošt, 1926-2011 (Autor)
Médium: E-kniha
Jazyk:Czech
Témata:
Tagy:
Žádné tagy
LEADER 01680nam a2200181 4500
001 5239290
003 CZ-PrMKP
005 20260506141438.7
008 260506n----------------------------cze--
040 |a ABG001  |b cze 
072 7 |a 821.162.3-3  |x Česká próza  |2 Konspekt  |9 25 
100 1 |a Lustig, Arnošt,  |d 1926-2011  |7 jk01072683  |4 aut 
245 1 0 |a Zloděj kufrů /  |c Arnošt Lustig 
520 2 |a Románová novela je příběhem dvou dětí, které v Terezíně sdílejí osudy transportovaných Židů a v prostředí plném utrpení si dokážou s dětskou bezprostředností vytvořit na krátký čas vlastní snesitelnější svět.  |b Čtrnáctiletý Ludvík je v terezínském táboře již dva roky, když přichází s rodiči dvanáctiletá Markétka. Ludvík se v táboře vyzná, přivydělává si jako metař nebo vozí mrtvé, ale hlavně působí jako nosič kufrů, které vykrádá. S příchodem Markétky se ve smutném světě zdecimovaných dospělých potkává poprvé v životě s láskou a na chvíli je pro ni i ochoten přestat krást. Dívka se zde naopak rychle poučí, že morální hodnoty, které si přinesla ze světa za zdmi koncentráku, tady neplatí. Edice Lustigových děl v elektronické podobě vznikla ve spolupráci s Prahou městem literatury v rámci projektu Nadačního fondu Arnošta Lustiga s názvem FestivAL100, jímž se oslavilo 100. výročí spisovatelova narození. Ke zpracování bylo zvoleno vždy poslední knižní vydání za autorova života, kde provedl definitivní úpravy textu. 
650 0 7 |a holocaust (1939-1945)  |7 ph117203  |2 czenas 
655 7 |a české romány  |7 fd133974  |2 czenas 
655 9 |a Czech fiction  |2 eczenas 
910 |a ABG001